000 03798nam a22003497u 4500
001 pwiiw7072
003 OSt
005 20260517120238.0
008 241115t2024 au ||||| |||||||| ||ger d
040 _cOSt
041 _ager
084 _aH25
_aH31
_aH32
_aQ54
_2jelc
100 1 _aHeimberger, Philipp
245 1 0 _aKlima-Förderungen: Eine Analyse der Verteilung von öffentlichen Fördergeldern im Zuge der Dekarbonisierung
260 _aWien :
_bWiener Institut für Internationale Wirtschaftsvergleiche (wiiw),
_c2024.
300 _a55 S.,
_b5 Tables and 49 Figures,
_c30cm.
490 1 _awiiw Research Reports in German Language
_v29
520 _aKlima-Förderungen: Eine Analyse der Verteilung von öffentlichen Fördergeldern im Zuge der Dekarbonisierung This publication is available in German language only. For a brief English summary see further below. Diese Studie liefert eine deskriptive Analyse der Verteilung von klimaschutzrelevanten direkten staatlichen Förderungen (Klima-Förderungen) in Gesamtösterreich und im Bundesländervergleich, wobei bei letzterem Oberösterreich in den Mittelpunkt der Untersuchung rückt. Während es zur Analyse von Förderungen in Österreich bereits Arbeiten gibt, liefert unsere Studie erste Ergebnisse zur Verteilungsdimension von Klima-Förderungen. Wir verwenden Daten der Transparenzdatenbank unter Berücksichtigung von Sonderauswertungen durch die Statistik Austria für die Jahre 2021 und 2022. Die analysierten Daten beinhalten direkte Förderprogramme aus vier Kategorien: erneuerbare Energie und Energieeffizienzmaßnahmen; Forschung und Klima; alternative Mobilität; und weitere Umwelt- und Klimaschutzmaßnahmen. Wir berichten die Förderungen nach Förderempfängerinnen und Förderempfängern (Personen, Unternehmen und gemeinnützige Organisationen/öffentliche Verwaltung) und nehmen eine Aufteilung der Personenförderungen nach Einkommensgruppen, Altersgruppen und Bildungsstand, sowie bei den Unternehmensförderungen nach Unternehmensumsatz, Anzahl der Mitarbeitenden und Unternehmensbranche vor. Climate subsidies: An analysis of the distribution of public subsidies in the context of decarbonisation This study provides a descriptive analysis of the distribution of direct state subsidies relevant for climate protection (in short: climate subsidies) in Austria as a whole and in a comparison of the states, with Upper Austria taking centre stage in the latter. While there is already work on analysing subsidies in Austria, our study provides the first results on the distributional dimension of climate subsidies. We use data from the transparency database, taking into account special analysis by Statistik Austria for the years 2021 and 2022. The data analysed includes direct funding programs from four categories: renewable energy and energy efficiency measures; research and climate; alternative mobility; and other environmental and climate protection measures. We report the funding by recipients (individuals, companies and non-profit organisations/public administration). The climate subsidies received by persons are broken down by income group, age group and level of education. Funding received by companies is distinguished along the dimensions turnover, number of employees and company sector.
650 _aKlimapolitik
650 _aDekarbonisierung
650 _aFörderungen
650 _aöffentliche Ausgaben
650 _aEnergie und Effizienz
651 _aAustria
690 _aMacroeconomic Analysis and Policy
690 _aLabour, Migration and Income Distribution
700 1 _aLichtenberger, Andreas
700 1 _aSchütz, Bernhard
830 0 _v29
_wWIIW0000108
_twiiw Research Reports in German Language
856 4 0 _uhttps://wiiw.ac.at/p-7072.html
942 _cP
999 _c9126
_d9126